000 00386nam a2200157Ia 4500
008 230524s9999 xx 000 0 und d
082 _a330
_bPAL
100 _aSumitra Pal
245 0 _aManagerial Economics : Cases & Concepts
250 _aIST
260 _aNEW DELHI
_bMacmillan
_c2009
300 _aXIII;319
500 _aQuantity Number: 2
650 _aEconomics
942 _cBK
999 _c43894
_d43894